000 00781 a2200229 4500
005 20260415144602.0
008 260415b |||||||| |||| 00| 0 eng d
020 _a9781440878763 (pbk)
037 _cTB
040 _aCRL
_cCRL
041 _2eng
_aeng
084 _aT:3(D65,8(2:55)) R4
_qCRL
100 _aDejong, Mary
_9859960
245 _aInformation literacy for science and engineering students:
_bconcepts and skills
260 _bBloomsbury Libraries Unlimited,
_c2024.
_aNew York, USA:
300 _aviii, 335p.
365 _b6765.42
_cINR
650 _aLiteracy
_91234826
650 _aLibrary Science
942 _cTB
_2CC
_hT:3(D65,8(2:55)) R4
999 _c1466542
_d1466542